00787cam a2200217 a 4500020001500000082002900015100003500044245005800079250001200137260003600149300003600185526003700221650001400258650002800272650001300300856005400313856006200367942001200429999001900441952010900460 a007057642400a515/.15bSIMcL-39,P-1121 aSimmons, George Finlay,94490410aCalculus with analytic geometry /cGeorge F. Simmons. a2nd ed. aNew York :bMcGraw-Hill,c1996. axxiii, 887 p. ;bill. ;c27 cm. a0b0c0d515_150000000000000_SIM 0aCalculus. 0aGeometry, Analytic.957 0aMCE937941uhttp://www.loc.gov/catdir/toc/mh022/95038343.html42uhttp://www.loc.gov/catdir/description/mh022/95038343.html 2ddccBK c548557d548557 00102ddc4070aMCEbMCEd2014-08-29l1o515/.15 SIMpMCE-41620r2015-02-09s2014-09-01w2014-08-29yBK